000 01021nam a2200301 i 4500
003 EG-GICUC
005 20260502180559.0
008 260502s1908 As a|||fr|||| 00| 0 fre d
040 _aEG-GiCUC
_bfre
_cEG-GiCUC
_dEG-GiCUC
_erda
082 0 4 _221
_a343.664
_bSU . R
092 0 4 _221
099 _aLaw1 10 343.664 SU . R 1908
100 1 _aSutherland, J. F
_eCo-directeur de thèse
245 1 0 _aRecidivism :
_bHabitual Criminality, and Habitual Petty Delinquency /
_cBy J. F. Sutherland.
246 1 _aA Problem in Sociology, Psycho-pathology and Criminology
264 1 _aEdinburgh :
_bWilliam Green & Sons,
_c1908.
300 _a117 pages;
_c24 cm.
336 _2rda content
_atext
337 _2rda media
_aComputer
338 _2rda carrier
_aOnline Resource
546 _aText in English
650 1 _aRepeat and Habitual Criminals
_2qrmak
650 1 _aCriminal Law
_2qrmak
651 1 _2qrmak
856 4 0 _uhttps://fll.law.cu.edu.eg/fulltext/bks/B10-11085.pdf
905 _a54
942 _2ddc
_cBK
_e21
_n0
999 _c74947
_d74947